书目信息 |
| 题名: |
中国现代书法选
|
|
| 作者: | 谢德萍 编 | |
| 分册: | ||
| 出版信息: | 石家庄 河北美术出版社 1987 |
|
| 页数: | 75页 | |
| 开本: | 37cm | |
| 丛书名: | ||
| 单 册: | ||
| 中图分类: | J292.28 | |
| 科图分类: | ||
| 主题词: | 法书--中国--现代--选集 | |
| 电子资源: | ||
| ISBN: | ||
| 000 | 00710nam0 2200253 45 | |
| 001 | 0187005619 | |
| 005 | 20040519143451.2 | |
| 010 | @dCNY2.50 | |
| 091 | @a8086.1258 | |
| 100 | @a19950804d1987 em y0chiy0121 ea | |
| 101 | 0 | @achi |
| 102 | @aCN@b130000 | |
| 105 | @ay z 000yy | |
| 106 | @ar | |
| 200 | 10 | @a中国现代书法选@Azhong guo xian dai shu fa xuan@e第二集@EDi Er Ji@f谢德萍编@FXie De Ping Bian |
| 210 | @a石家庄@c河北美术出版社@d1987 | |
| 215 | @a75页@d37cm | |
| 517 | @a第二集@ADi Er Ji | |
| 606 | @a法书@y中国@z现代@x选集 | |
| 690 | @aJ292.28@v3 | |
| 701 | 0 | @a谢德萍@4编 |
| 801 | 0 | @aCN@b深圳图书馆@c20040519 |
| 801 | 2 | @aCN@bNLC@c20040519 |
| 905 | @f1@b228370@dJ292.28@e11:2@b207963@f1 | |
| 中国现代书法选:第二集/谢德萍编.-石家庄:河北美术出版社,1987 |
| 75页;37cm |
| ISBN :CNY2.50 |
| ● |
| 相关链接 |
|
|
|
|
正题名:中国现代书法选
索取号:J292.28/11:2
 
预约/预借
| 序号 | 登录号 | 条形码 | 馆藏地/架位号 | 状态 | 备注 |
| 1 | 0207963 | 000793092 | 第一样本阅览室/ [索取号:J292.28/11:2] | 在馆 | |
| 2 | 0228370 | 000793225 | 第一借阅区/ [索取号:J292.28/11:2] | 在馆 |